000 00658nam a2200241 i 4500
001 C2-0101813
003 PPAK
005 20180727095909.0
008 970601s1990 my a|||| ||||| | may d
020 _a9839617087
040 _aPPAK
_beng
_cPPAK
_erda
082 0 4 _a650.01
_223
090 0 0 _a650.01
_bSIT
_dG
100 0 _aSiti Maimun Kamso Wan Rafaei,
_eauthor
245 1 0 _aKoleksi petua niaga
264 1 _aKuala Lumpur :
_bAMK Interaksi ,
_c1990
300 _avii, 161 pages :
_billustrations ;
_c22 cm
336 _2rdacontent
_atext
337 _2rdamedia
_aunmediated
338 _2rdacarrier
_avolume
650 1 0 _aBusiness.
942 _ddc
_cB
999 _c23540
_d23540